Регионална библиотека "Любен Каравелов" - Русе

Играта (Запис номер 489882)

MARC детайли
000 -Лидер
Контролно поле с фиксирана дължина nam a22 a 4500
003 - Код на организацията, давaща контролен номер
Контролно поле BLK
005 - Дата и час на последна редакция
Контролно поле 20230323090443.0
008 - Елементи от данни с фиксирана дължина
fixed length control field 230323b bu |||||||||| 00| | bu d
020 ## - Международен стандартен номер на книга ISBN
Международен стандартен номер на книга ISBN 9786197456851
040 ## - Източник на каталожния запис
Идентификатор на билиотеката - собственик на записа BLK
041 ## - Код за език
Код за езика на текст/звукозапис или на отделно заглавие Български
Код за езика КДБФ Български
080 ## - УДК
Текстов определител УДК Българска литература
УДК код - определител по УДК 821.163.2
УДК определител -31
УДК - код + определител 821.163.2-31
100 ## - Редна дума - Автор
R(LIN) 1299
Автор Хикс, Александър
Авторска отговорност първи автор
139 ## - Редно поле
Редна дума Хикс, Александър
245 ## - Сведения за заглавието
Заглавие Играта
Редно поле (дума) Александър Хикс
250 ## - Област на изданието
Сведения за изданието 2. доп. и прераб. изд.
260 ## - Област на издателските данни
9 (RLIN) 391437
Място на издаване, разпространение и проч. София
Име на издателя, разпространителя и проч. Библ. България
Година на издаване 2023
Печатница ([София] : Симолини)
300 ## - Физическа характеристика
Страници 162 с.
Размери/Мащаб 21 см
380 ## - Жанр
Жанр Худож. лит.
490 ## - СЕРИИ (Колекции)
9 (RLIN) 486867
Име на серия Колекция Орбита
500 ## - Общи забележки
Забележка 1. изд. 2006 по данни от док.
852 ## - Местоположение
Форматна сигнатура Цб 317059
Фондова буква Хранилище
856 ## - Електронен адрес и достъп
Инструкция (цена за достъп) 0.00
Права за достъп disable
999 ## - СИСТЕМНИ КОНТРОЛНИ НОМЕРА
Koha biblionumber 489882
Koha biblioitemnumber 489882
942 ## - АРТИКУЛИ
Вид на библиотечния материал Книги
Скрит в OPAC Не
Периодичен библиозапис Да
944 ## - СЪЗДАВАНЕ И РЕДАКЦИЯ на ЗАПИСА
Създаване/Редакция Създаване
Дата на регистрацията/редакция 2023-03-23
Служител, извършил регистрацията/редакцията ВП
Наличности
Код за отписване Код за изгубен артикул Източник на класификационната схема Код за повреда Коз за рестрикции Код за отдаване Артикулен № Име на библиотеката - собственик Име на библиотеката, в която се намира в момента Статус (Текущо местоположение) Дата на вписване в системата Местоположение - отдел Цена в лева Инвентарен номер Систематично азбучна сигнатура Баркод Цена в евро Служебен тип на артикула
  Не е изгубен Universal Decimal Classification Не е повреден само за читалня ползва се в читалня 925224 Регионална библиотека "Любен Каравелов" Русе Регионална библиотека "Любен Каравелов" Русе Хранилище 2023-03-28 Хранилище 20.00 120000884460 Цб 317059 120000884460 10.23 Книги
Vip Innovations Ltd, Rousse, Bulgaria 2025